000 00758nam a2200253 i 4500
003 DO-SdBNP
005 20230530103232.0
007 ta
008 230530b1946 sp ||||| |||| 00| 0 spa d
040 _aDO-SdBNP
_bspa
_cBNPHU
_erda
082 4 _222
100 _93902
_aMenéndez Pidal, Ramón,
_d1869-1968
245 1 0 _aPoema del mio cid /
_ctexto, Ramón Menéndez Pidal ; prólogo, Dámaso Alonso
264 _aMadrid :
_bAguilar,
_c1946.
300 _a466 páginas ;
_c12 cm.
336 _2rdacontent
_atexto
_btxt
337 _2rdamedia
_asin mediación
_bn
338 _2rdacarrier
_avolumen
_bnc
490 _aCrisol
_v96
590 _aInventariado, 2023/BT
700 1 _aAlonso, Dámaso,
_eprólogo
_983478
910 _aBtavárez
942 _2ddc
_cLBS1
999 _c53653
_d53653